[Event "4NCL Division 2d"]
[Site "Telford, ENG"]
[Date "2017.05.01"]
[Round "11.87"]
[White "Vlcek, Marek"]
[Black "Mahoney, Nicholas"]
[Result "1-0"]
[WhiteElo "2016"]
[BlackElo "1721"]
[PlyCount "61"]
[EventDate "2017.05.01"]
[WhiteTeam "CSC Dragons"]
[BlackTeam "Bradford DCA Knights A"]

1. Nf3 Nf6 2. c4 g6 3. b4 Bg7 4. Bb2 O-O 5. g3 d5 6. Bg2 dxc4 7. Na3 Nd5 8.
Bxg7 Kxg7 9. Nxc4 Nxb4 10. Qb3 Nd5 11. O-O c6 12. Qb2+ Kg8 13. e4 Nf6 14. Rfe1
Na6 15. d4 c5 16. d5 Nb4 17. Rad1 b5 18. Nce5 Ng4 19. a3 Nxe5 20. Nxe5 f6 21.
Nf3 Na6 22. Qxb5 Qb6 23. Qc4 Kg7 24. e5 Rb8 25. d6 exd6 26. Rxd6 Qb3 27. exf6+
Kh8 28. Qh4 Qg8 29. Re7 Rb1+ 30. Bf1 Rf7 31. Rxf7 1-0

[Event "4NCL Division 2d"]
[Site "Telford, ENG"]
[Date "2017.05.01"]
[Round "11.88"]
[White "Verma, Shlok"]
[Black "Vachtfeidl, Petr"]
[Result "0-1"]
[WhiteElo "1434"]
[BlackElo "1947"]
[PlyCount "50"]
[EventDate "2017.05.01"]
[WhiteTeam "Bradford DCA Knights A"]
[BlackTeam "CSC Dragons"]

1. d4 Nf6 2. c4 g6 3. Nf3 Bg7 4. Nc3 d5 5. Bf4 O-O 6. e3 c5 7. Be2 Nc6 8. O-O
cxd4 9. exd4 dxc4 10. Bxc4 Na5 11. Be2 Be6 12. Ne5 Rc8 13. Rc1 Nd5 14. Nxd5
Bxd5 15. b3 Rxc1 16. Qxc1 Nc6 17. Rd1 Qa5 18. Qd2 Qxd2 19. Rxd2 Rd8 20. Bb5 Nb4
21. a3 a6 22. Ba4 Rc8 23. Rd1 Na2 24. b4 b5 25. Bxb5 axb5 0-1

[Event "4NCL Division 2d"]
[Site "Telford, ENG"]
[Date "2017.05.01"]
[Round "11.52"]
[White "Hand, Freddie"]
[Black "Page, Mark E"]
[Result "1/2-1/2"]
[WhiteElo "2142"]
[BlackElo "2140"]
[PlyCount "100"]
[EventDate "2017.05.01"]
[WhiteTeam "KJCA Kings"]
[BlackTeam "Warwickshire Select 2"]

1. d4 Nf6 2. c4 g6 3. f3 Bg7 4. e4 d6 5. Nc3 O-O 6. Be3 e5 7. Nge2 c6 8. Qd2 a6
9. dxe5 dxe5 10. Qxd8 Rxd8 11. Na4 Nbd7 12. O-O-O Re8 13. c5 Rb8 14. Nec3 Nf8
15. Nb6 Be6 16. Bc4 Red8 17. Nca4 h6 18. Rxd8 Rxd8 19. Rd1 Rxd1+ 20. Kxd1 Ne8
21. Kd2 Nc7 22. Bxe6 Nfxe6 23. Nc4 Kf8 24. Kc3 Ke7 25. Kb4 Nb5 26. Ka5 Kd7 27.
Nab6+ Kc7 28. a4 Nbd4 29. Nd6 Bf8 30. Bxd4 exd4 31. b4 Bxd6 32. cxd6+ Kxd6 33.
Nc4+ Kc7 34. b5 axb5 35. axb5 cxb5 36. Kxb5 d3 37. Kb4 Nf4 38. g3 Ne2 39. Nd2
Kd6 40. Kc4 Nc1 41. Kc3 Kc5 42. Nb1 b5 43. Kd2 Nb3+ 44. Kxd3 b4 45. e5 h5 46.
h3 f6 47. g4 hxg4 48. hxg4 Nc1+ 49. Kd2 Nb3+ 50. Kd3 Nc1+ 1/2-1/2

[Event "4NCL Division 2d"]
[Site "Telford, ENG"]
[Date "2017.05.01"]
[Round "11.68"]
[White "Stimpson, Philip M"]
[Black "Golding, William"]
[Result "1-0"]
[WhiteElo "1925"]
[BlackElo "1488"]
[PlyCount "87"]
[EventDate "2017.05.01"]
[WhiteTeam "Guildford 3"]
[BlackTeam "Barbican 4NCL Youth"]

1. e4 d5 2. exd5 Nf6 3. d4 Nxd5 4. c4 Nf6 5. Nf3 Bf5 6. Nc3 e6 7. Be2 Bb4 8.
O-O O-O 9. Qb3 Nc6 10. Be3 a5 11. a3 a4 12. Nxa4 Be7 13. Nc3 Ng4 14. Qd1 Nxe3
15. fxe3 Bg5 16. Nxg5 Qxg5 17. Rf3 Rfd8 18. Rg3 Qh4 19. Qe1 Qe7 20. Qf2 Bg6 21.
Rf1 Na5 22. Rd1 Nb3 23. Bd3 Bxd3 24. Rxd3 Nc5 25. Rd1 Na4 26. Ne4 f5 27. Ng5 h6
28. Nf3 Nc5 29. Qc2 Ne4 30. Rh3 c5 31. Ne5 Qf6 32. Qe2 cxd4 33. exd4 Ng5 34.
Rb3 Qe7 35. Qh5 Qc7 36. Rb5 Ra5 37. Rxa5 Qxa5 38. h4 Ne4 39. Qf7+ Kh8 40. Qxe6
Qa4 41. Rf1 Re8 42. Qxf5 Ng3 43. Ng6+ Kh7 44. Nf8+ 1-0